000 00222nam a2200097Ia 4500
008 240625s9999 xx 000 0 und d
041 _aeng
100 _aROBBINS STEPEN P
245 _aORGANIZATIONAL BEHAVIOR
260 _c2004
999 _c33247
_d33247